Research on the population of China : proceedings of a workshop /

Saved in:
நூற்பட்டியல் விவரங்கள்
குழும எழுத்தாளர்: National Research Council (U.S.). Committee on Population and Demography.
மற்ற எழுத்தாளர்கள்: Lapham, Robert J., Bulatao, Rodolfo A., 1944-
வடிவம்: புத்தகம்
மொழி:English
வெளியீடப்பட்டது: Washington, D.C. : National Academy Press : Available from Bureau of Oceans and International, Environmental, and Scientific Affairs, U.S. Dept. of State, 1981.
பகுதிகள்:
குறியீடுகள்: குறிச்சொல் இணை
குறியீடுகள் இல்லை, இந்த குறிச்சொல்லை முதலில் பதிவு செய்யுங்கள்!
LEADER 01281cam a2200325uu 4500
001 001058276-2
005 20160408192646.0
008 811103s1981 dcua b 00000 eng d
035 0 |a ocm07902615 
040 |a HNC  |c HNC 
043 |a a-cc--- 
050 4 |a HB3654.A3  |b R47 1981 
060 0 0 |a EE4281 
245 0 0 |a Research on the population of China :  |b proceedings of a workshop /  |c Robert J. Lapham and Rodolfo A. Bulatao, editors (Committee on Population and Demography). 
260 0 |a Washington, D.C. :  |b National Academy Press :  |b Available from Bureau of Oceans and International, Environmental, and Scientific Affairs, U.S. Dept. of State,  |c 1981. 
300 |a ix, 152 p. :  |b ill. ;  |c 28 cm. 
500 |a Research done by the National Research Council, Committee on Population and Demography. 
504 |a Includes bibliographies. 
655 2 |a Congresses. 
651 2 |a China. 
650 2 |a Research. 
650 2 |a Demography. 
651 0 |a China  |x Population. 
650 0 |a Population research  |z China  |v Congresses. 
655 7 |a Conference papers and proceedings.  |2 fast 
700 1 |a Lapham, Robert J. 
700 1 |a Bulatao, Rodolfo A.,  |d 1944- 
710 2 |a National Research Council (U.S.).  |b Committee on Population and Demography. 
988 |a 20020608 
906 |0 OCLC